00317nam a2200121Ia 450000500170000000800410001704000080005808200180006610000280008424500280011226000430014030000120018320190131150611.0190125s9999 xx 000 0 und d cDLC a891.4393bHUS aMustansar Hussain Tarar aPiyar ka Pehla Shehar / bSang e Meel PublicationsaLahorec2012 a262p. :